000 00506nam a2200145 i 4500
001 47298
003 ES-MaACL
005 20230906161533.0
007 t|
008 030407s1931 sp ||||1| spa d
245 0 3 _aLa coordinación del transporte mecánico por carretera con el ferrocaril
_b: comentario al proyecto de ley sobre el servicio público de transportes por carretera.
260 _aMadrid :
_b[s.n.,
_c1931] (
_fGráfica Administrativa)
300 _a93 p. ;
_c26 cm.
852 _aES-MaACL
_jA-698
999 _c47298
_d47298